000
00280nam a2200109Ia 4500
008
190913s9999||||xx |||||||||||||| ||und||
100
_a
Alfred V.Aho
245
0
_a
Compilers Principles techniques and tools
260
_a
New Delhi
_b
McGraw Hill
_c
2000
300
_a
539
942
_c
BK
999
_c
8348
_d
8348